[Event "Lausanne YM 5th"]
[Site "Lausanne"]
[Date "2004.09.16"]
[Round "1.3"]
[White "Alekseev, Evgeny V"]
[Black "Carlsen, Magnus"]
[Result "1-0"]
[WhiteElo "2606"]
[BlackElo "2567"]
[PlyCount "117"]
[EventDate "2004.09.15"]
[EventType "k.o."]
[EventRounds "3"]
[EventCountry "SUI"]
[SourceTitle "CBM 104"]
[Source "ChessBase"]
[SourceDate "2005.01.27"]
[SourceVersion "1"]
[SourceVersionDate "2005.01.27"]
[SourceQuality "1"]

1. e4 e5 2. Nf3 Nc6 3. Bc4 Nf6 4. d3 Be7 5. O-O O-O 6. Bb3 d6 7. c3 d5 8. Nbd2 dxe4 9. dxe4 Bc5 10. Qe2 Qe7 11. Nc4 h6 ({RR} 11... Bg4 12. h3 Be6 13. Kh2 a6 14. Bg5 h6 15. Bh4 g5 16. Bg3 Nh5 17. Ncd2 Rad8 18. Rad1 Ba7 19. Ba4 b5 20. Bb3 Rd6 21. a4 Rb8 22. axb5 axb5 23. Ra1 Bb6 24. Rfd1 Rbd8 25. Qxb5 Bxb3 26. Qxb3 {Alekseev,E (2606)-Carlsen,M (2567) Lausanne 2004 ½-½ (40)}) 12. Bc2 $146 ({RR} 12. Ba4 Bd7 13. Ne3 Rfe8 14. Nd5 Nxd5 15. exd5 Nb8 16. Bc2 e4 17. Nd4 c6 18. Qh5 cxd5 19. Qxd5 Nc6 20. Nf5 Bxf5 21. Qxf5 Qe5 22. Bxe4 Qxe4 23. Qxc5 Qc2 24. Qb5 Rad8 25. Qxb7 Re6 26. Qb3 Qe4 {Bastian,H (2328)-Fuellgrabe,T (2244) Saarbruecken 2015 1-0 (42)}) ({RR} 12. Ba4 Bg4 13. h3 Bh5 14. b4 Bxb4 15. cxb4 Nd4 16. Qb2 Bxf3 17. gxf3 b5 18. Bxb5 Nxb5 19. Nxe5 Nh5 20. Kg2 Rae8 21. a4 Nd6 22. Nc6 Qh4 23. Be3 Nxe4 24. Qd4 Re6 25. Ne5 Nf4+ 26. Bxf4 Qxf4 {Shinkarchuk,M-Tichonov,J (2180) Alushta 2006 0-1 (72)}) 12... a5 13. Be3 b6 14. Rfd1 Ba6 15. Bd3 Rfd8 16. Bxc5 Qxc5 17. Ncxe5 Nxe5 18. Nxe5 Bb7 19. Ng4 Nxg4 20. Qxg4 Rd6 21. Bc2 Rg6 22. Qe2 Ba6 23. Qe1 Re8 24. Rd5 Qe7 25. Rad1 Bb7 26. Rd7 Qg5 27. g3 Rge6 28. f3 R6e7 29. Rxe7 Qxe7 30. Qf2 Bc8 31. Qd4 Be6 32. a3 Qg5 33. Kf2 Qh5 34. h4 Qc5 35. Qxc5 bxc5 36. Rd2 Rb8 37. Ba4 Kf8 38. Ke3 Ke7 39. f4 f5 40. exf5 Bxf5 41. Bd1 Kf6 42. g4 Be6 43. g5+ hxg5 44. hxg5+ Ke7 45. Bf3 Rh8 46. Bd5 Rh3+ 47. Ke4 Bc8 48. Bc4 c6 49. Bf1 Rg3 50. Rg2 Rh3 51. Rf2 Rg3 52. Rg2 Rh3 53. Re2 Rg3 54. Bg2 Ba6 55. Rd2 Ke6 56. f5+ Ke7 57. Kf4 Rd3 58. Rxd3 Bxd3 59. Ke5 1-0

[Event "Lausanne YM 5th"]
[Site "Lausanne"]
[Date "2004.09.16"]
[Round "1.4"]
[White "Carlsen, Magnus"]
[Black "Alekseev, Evgeny V"]
[Result "1/2-1/2"]
[WhiteElo "2567"]
[BlackElo "2606"]
[PlyCount "95"]
[EventDate "2004.09.15"]
[EventType "k.o."]
[EventRounds "3"]
[EventCountry "SUI"]
[SourceTitle "CBM 104"]
[Source "ChessBase"]
[SourceDate "2005.01.27"]
[SourceVersion "1"]
[SourceVersionDate "2005.01.27"]
[SourceQuality "1"]

1. e4 c5 2. Nf3 Nc6 3. Nc3 Nf6 4. e5 Ng4 5. Qe2 d6 6. exd6 e6 7. Qc4 Nf6 8. Qxc5 Bxd6 9. Qg5 ({RR} 9. Qe3 O-O 10. Bc4 Nd5 11. Qe4 f5 12. Qe2 Nf4 13. Qf1 Kh8 14. d3 a6 15. Bb3 b5 16. Bxf4 Bxf4 17. Qe2 a5 18. a4 b4 19. Nb5 Qf6 20. O-O Bd7 21. Rfe1 Rae8 22. d4 g5 23. Rad1 e5 {Onischuk,V (2610)-Mekhitarian,K (2560) chess.com INT 2024 1-0}) 9... O-O 10. Bd3 $146 ({RR} 10. Bc4 e5 11. d3 Bg4 12. Ne4 Nxe4 13. Qxg4 Nf6 14. Qh4 Nb4 15. O-O Nxc2 16. Rb1 Rc8 17. Bd2 e4 18. Ng5 exd3 19. Bc3 h6 20. Ne4 Nxe4 21. Qxe4 Bxh2+ 22. Kh1 Re8 23. Qxd3 Qh4 24. Bxf7+ Kf8 {Savchenko,B (2518)-Kuznetsov,V (2232) Samara 2004 0-1 (54)}) 10... Nb4 11. O-O Nxd3 12. cxd3 b6 13. b3 Bb7 14. Bb2 h6 15. Qh4 Nd5 16. Qg4 Nf6 17. Qh3 Rc8 18. Rae1 Rc5 19. Ne4 Nxe4 20. dxe4 Ba6 21. Qg4 g6 22. d3 Bxd3 23. e5 Be7 24. Rd1 Rd5 25. Rfe1 Bf5 26. Rxd5 Bxg4 27. Rxd8 Rxd8 28. Bc1 Kg7 29. Be3 Bxf3 30. gxf3 g5 31. Rc1 Rd7 32. Rc8 Kg6 33. Rg8+ Kf5 34. Rh8 Bc5 35. Bxc5 bxc5 36. Rxh6 Kxe5 37. h4 Kf5 38. Rh5 f6 39. hxg5 fxg5 40. Rh8 Rd2 41. a4 Rb2 42. Rc8 Rxb3 43. Rxc5+ Kf4 44. Kg2 Ra3 45. Rc4+ Kf5 46. Kg3 e5 47. Rb4 Ra2 48. Rc4 1/2-1/2

[Event "Lausanne YM 5th"]
[Site "Lausanne"]
[Date "2004.09.17"]
[Round "2.1"]
[White "Carlsen, Magnus"]
[Black "Papa, Severin"]
[Result "1-0"]
[WhiteElo "2567"]
[BlackElo "2397"]
[PlyCount "113"]
[EventDate "2004.09.15"]
[EventType "k.o."]
[EventRounds "3"]
[EventCountry "SUI"]
[SourceTitle "CBM 104"]
[Source "ChessBase"]
[SourceDate "2005.01.27"]
[SourceVersion "1"]
[SourceVersionDate "2005.01.27"]
[SourceQuality "1"]

1. e4 e5 2. Nf3 Nc6 3. Bb5 Nf6 4. d3 Bc5 5. Nc3 d6 6. Na4 Bb6 7. c3 O-O 8. Bg5 Ne7 9. Nxb6 axb6 10. Nh4 Ng6 11. Bc4 Kh8 $146 ({RR} 11... Nxh4 12. Bxh4 Be6 13. O-O h6 14. Qf3 g5 15. Bg3 Bxc4 16. dxc4 Nd7 17. Qg4 Kg7 18. h4 Nf6 19. Qf5 Nh5 20. Qg4 Nf6 21. Qf5 Nh5 22. Qf3 Kg6 23. Qf5+ {½-½ (23) Harikrishna,P (2673)-Vescovi,G (2646) Khanty-Mansiysk 2005}) 12. O-O h6 13. Nxg6+ fxg6 14. Be3 Qe7 15. f4 Ng4 16. Qe2 Nxe3 17. Qxe3 exf4 18. Rxf4 Rxf4 19. Qxf4 Be6 20. Bxe6 Qxe6 21. a3 Qf6 22. Rf1 Rf8 23. Qf2 Kg8 24. g3 g5 25. Kg2 Rf7 26. a4 Rf8 27. b3 Rf7 28. b4 Kf8 29. Qxf6 gxf6 30. Rf5 Ke7 31. Kf3 Rf8 32. Kg4 Ra8 33. a5 c5 34. axb6 cxb4 35. cxb4 Ra4 36. b5 Ra2 37. h4 Rd2 38. Rf3 Kf7 39. Kh5 gxh4 40. gxh4 Rb2 41. Rf5 Rh2 42. d4 Re2 43. Rf4 Rb2 44. e5 dxe5 45. dxe5 Rxb5 46. Rxf6+ Kg7 47. Rg6+ Kf8 48. Kxh6 Rxe5 49. Rf6+ Ke7 50. Kg6 Re4 51. h5 Rg4+ 52. Kf5 Rh4 53. Rh6 Kd7 54. Kg5 Rh1 55. Rg6 Rg1+ 56. Kf6 Rh1 57. h6 1-0

[Event "Lausanne YM 5th"]
[Site "Lausanne"]
[Date "2004.09.19"]
[Round "3.1"]
[White "Carlsen, Magnus"]
[Black "Lagno, Kateryna"]
[Result "0-1"]
[WhiteElo "2567"]
[BlackElo "2472"]
[PlyCount "106"]
[EventDate "2004.09.15"]
[EventType "k.o."]
[EventRounds "3"]
[EventCountry "SUI"]
[SourceTitle "CBM 104"]
[Source "ChessBase"]
[SourceDate "2005.01.27"]
[SourceVersion "1"]
[SourceVersionDate "2005.01.27"]
[SourceQuality "1"]

1. e4 e5 2. Nf3 Nf6 3. Nxe5 d6 4. Nf3 Nxe4 5. Bd3 Nf6 6. h3 Be7 7. O-O O-O 8. c3 b6 9. Bc2 Bb7 10. Re1 Re8 11. d4 Nbd7 12. Bg5 ({RR} 12. Nbd2 Bf8 13. Rxe8 Qxe8 14. Nf1 Be4 15. Bf4 Bxc2 16. Qxc2 Qe4 17. Qd2 b5 18. Bg3 Nd5 19. Re1 Qf5 20. Qe2 a6 21. Ne3 Nxe3 22. fxe3 Qd5 23. b3 f5 24. c4 bxc4 25. bxc4 Qe4 26. Ng5 Qe7 {Carlsen,M (2675)-Erenburg,S (2585) Rishon Le Ziyyon 2006 0-1 (59)}) 12... Nf8 13. Nbd2 Ng6 $146 ({RR} 13... N6d7 14. Be3 a6 15. Nf1 Bf6 16. N3h2 b5 17. Ng4 Bh4 18. b3 Nf6 19. g3 Nxg4 20. Qxg4 Bf6 21. Kh2 Qd7 22. Qxd7 Nxd7 23. Rac1 Nb6 24. c4 b4 25. Nd2 g6 26. d5 Nd7 27. Ne4 Bg7 28. f4 {Lavendelis,E (2274)-Salo,H (2228) Antalya 2017 ½-½ (60)}) ({RR} 13... Ne6 14. Bh4 Nf4 15. Bg5 N6h5 16. Ba4 c6 17. Bxf4 Nxf4 18. Nf1 b5 19. Bc2 c5 20. Qd2 Ng6 21. Re3 Bf6 22. Rae1 Rf8 23. Ng3 Rc8 24. Ne4 Be7 25. dxc5 dxc5 26. Rd3 Qa5 27. a3 b4 28. c4 {Mar,K (2279)-Mamedjarova,Z (2259) Bled 2002 0-1 (35)}) 14. Ba4 Nd7 15. Be3 a6 16. Nf1 b5 17. Bb3 Nb6 18. Ng3 Nd5 19. Nh2 Nh4 20. Qg4 Qc8 21. Qh5 g6 22. Qh6 Nxg2 23. Kxg2 Bf8 24. Qh4 Nxe3+ 25. Kg1 Nc4 26. Ng4 Bg7 27. Qg5 Rxe1+ 28. Rxe1 Qf8 29. Bc2 h6 30. Qf4 Re8 31. Rxe8 Qxe8 32. Be4 Bxe4 33. Nxe4 Qe7 34. Nef6+ Bxf6 35. Nxf6+ Kg7 36. Nd5 Qd8 37. b3 Nb6 38. Ne3 Qg5+ 39. Qxg5 hxg5 40. Kg2 f5 41. Kf3 c5 42. dxc5 dxc5 43. c4 bxc4 44. Nxc4 Nxc4 45. bxc4 Kf6 46. Ke3 Ke5 47. f3 a5 48. a4 Ke6 49. Ke2 g4 50. hxg4 fxg4 51. fxg4 Ke5 52. Kd3 Kf4 53. g5 Kf3 0-1

[Event "Lausanne YM 5th"]
[Site "Lausanne"]
[Date "2004.09.20"]
[Round "3.2"]
[White "Lagno, Kateryna"]
[Black "Carlsen, Magnus"]
[Result "0-1"]
[WhiteElo "2472"]
[BlackElo "2567"]
[PlyCount "128"]
[EventDate "2004.09.15"]
[EventType "k.o."]
[EventRounds "3"]
[EventCountry "SUI"]
[SourceTitle "CBM 104"]
[Source "ChessBase"]
[SourceDate "2005.01.27"]
[SourceVersion "1"]
[SourceVersionDate "2005.01.27"]
[SourceQuality "1"]

1. e4 c5 2. Nf3 d6 3. d4 cxd4 4. Nxd4 Nf6 5. Nc3 Bd7 6. Be2 Bc6 7. O-O ({RR} 7. Nxc6 bxc6 8. O-O Nbd7 9. Be3 g6 10. Qd3 Bg7 11. f4 O-O 12. Qa6 Qc7 13. Rad1 Rfd8 14. Bf3 e5 15. g3 Bh6 16. Kh1 Kg7 17. Bg2 Kg8 18. Qc4 Rac8 19. Qa6 Qb8 20. Qa3 Nb6 21. Qb3 Nfd7 {Kulaots,K (2573)-Jobava,B (2664) Abu Dhabi 2015 0-1 (48)}) ({RR} 7. Nxc6 bxc6 8. Be3 Nbd7 9. f4 g6 10. O-O Bg7 11. Kh1 O-O 12. Qd2 Qc7 13. Rad1 a5 14. a4 Rab8 15. Rb1 Rb4 16. Bf3 Rfb8 17. b3 h5 18. h3 {½-½ (18) Yash,J (1931)-Markovic,M (2336) Novi Sad 2021}) 7... e6 8. Nxc6 Nxc6 9. Bf4 $146 ({RR} 9. Be3 Be7 10. f4 a6 11. Bf3 Qc7 12. a3 O-O 13. Qe1 Rac8 14. Rd1 Na5 15. Rd3 Nd7 16. Kh1 Nc4 17. Bc1 b5 18. Bd1 Bf6 19. e5 dxe5 20. Ne4 Be7 21. b3 Ncb6 22. fxe5 Nxe5 23. Rh3 Ng6 {Carli,G-Gutman,L (2488) Bramsche 2000 0-1 (36)}) ({RR} 9. Be3 a6 10. f4 Be7 11. Bf3 Qc7 12. a4 O-O 13. Kh1 Na5 14. Qe1 Nc4 15. Bc1 Rfe8 16. Be2 Rac8 17. Bd3 d5 18. e5 Nd7 19. Qe2 Bb4 20. Nd1 g6 21. c3 Bf8 22. Ne3 Na5 23. Bc2 Red8 {Andrijevic,M (2268)-Nadj Hedjesi,B (2325) Senta 2016 1-0 (46)}) 9... Be7 10. Qd2 O-O 11. Rad1 Qa5 12. a3 Rfd8 13. Qe3 Rac8 14. Qg3 Ne5 15. Rd4 Ng6 16. Be3 a6 17. f4 e5 18. Ra4 exf4 19. Rxa5 fxg3 20. hxg3 Ne5 21. Rd1 Rc6 22. Ra4 Rdc8 23. Rad4 Kf8 24. Kf1 Nfd7 25. Bf2 Nc4 26. Bxc4 Rxc4 27. Rxc4 Rxc4 28. Bd4 Nb8 29. e5 dxe5 30. Bxe5 Nc6 31. Bd6 Bxd6 32. Rxd6 Ke7 33. Rd2 Ke6 34. Ne2 g5 35. c3 h5 36. Kf2 Re4 37. Ng1 Ne5 38. Nf3 Ng4+ 39. Kf1 f6 40. Nd4+ Kd5 41. Nf5+ Kc5 42. Re2 Ra4 43. Re7 b5 44. Ke2 Kd5 45. Nd4 Ne5 46. Rh7 b4 47. axb4 Ra2 48. Nc2 Rxb2 49. Kd1 Kc4 50. Rc7+ Kd3 51. Ne1+ Ke3 52. Nc2+ Kf2 53. Ra7 Kxg2 54. Rxa6 Kxg3 55. Rxf6 h4 56. Rf5 Nf3 57. Ne3 Rd2+ 58. Kc1 Re2 59. Nf1+ Kg2 60. b5 Re1+ 61. Kb2 Rxf1 62. b6 Re1 63. b7 Re8 64. c4 h3 0-1

[Event "Lausanne YM 5th"]
[Site "Lausanne"]
[Date "2004.09.20"]
[Round "3.4"]
[White "Lagno, Kateryna"]
[Black "Carlsen, Magnus"]
[Result "1/2-1/2"]
[WhiteElo "2472"]
[BlackElo "2567"]
[PlyCount "57"]
[EventDate "2004.09.15"]
[EventType "k.o."]
[EventRounds "3"]
[EventCountry "SUI"]
[SourceTitle "CBM 104"]
[Source "ChessBase"]
[SourceDate "2005.01.27"]
[SourceVersion "1"]
[SourceVersionDate "2005.01.27"]
[SourceQuality "1"]

1. e4 c6 2. d4 d5 3. e5 Nh6 ({RR} 3... b6 4. Nf3 e6 5. c3 Ba6 6. Bxa6 Nxa6 7. O-O Ne7 8. Na3 Ng6 9. Nc2 Be7 10. g3 Nf8 11. Ne3 Nd7 12. Ne1 Qc7 13. Nd3 c5 14. Bd2 c4 15. Nf4 b5 16. h4 Qc6 17. h5 Nc7 18. h6 {Degraeve,J (2589)-Danielian,E (2369) Cappelle la Grande 2001 1-0 (39)}) 4. Be2 ({RR} 4. Bd3 g6 5. h3 Nf5 6. c3 h5 7. Ne2 Bg7 8. Bg5 c5 9. Nd2 Nc6 10. Nf3 cxd4 11. cxd4 Qb6 12. O-O Bd7 13. Nf4 e6 14. Bxf5 gxf5 15. Qd2 Ne7 16. Rac1 Ng6 17. Rc2 Nxf4 18. Bxf4 Rg8 {Lebedev,A (1824)-D'Arruda,R (2271) Chess.com INT 2022 0-1 (42)}) 4... Qb6 $146 ({RR} 4... Bf5 5. h3 e6 6. Nf3 g6 7. Bg5 Qd7 8. Qd2 Bg7 9. Bxh6 O-O 10. Bxg7 Kxg7 11. Nh2 Na6 12. g4 Be4 13. f3 c5 14. Bxa6 bxa6 15. fxe4 dxe4 16. Nc3 f5 17. exf6+ Rxf6 18. Nxe4 Rf7 19. Nxc5 {Kapickis,K (1049)-Kuptz,A Plateliai 2019 1-0}) 5. Nf3 Bg4 6. O-O e6 7. c3 Nf5 8. h3 Bxf3 9. Bxf3 c5 10. c4 dxc4 11. d5 Nd7 12. Na3 Nxe5 13. Qa4+ Kd8 14. dxe6 Nxf3+ 15. gxf3 Qxe6 16. Bg5+ f6 17. Rad1+ Bd6 18. Bf4 Nd4 19. Bxd6 Qxd6 20. Nb5 Qd5 21. Rfe1 Nxf3+ 22. Kf1 Nh2+ 23. Kg1 Nf3+ 24. Kf1 Nd4 25. Qa5+ b6 26. Nxd4 Qh1+ 27. Ke2 Qe4+ 28. Kf1 Qh1+ 29. Ke2 1/2-1/2

[Event "Lausanne YM 5th"]
[Site "Lausanne"]
[Date "2004.09.20"]
[Round "3.6"]
[White "Lagno, Kateryna"]
[Black "Carlsen, Magnus"]
[Result "0-1"]
[WhiteElo "2472"]
[BlackElo "2567"]
[PlyCount "57"]
[EventDate "2004.09.15"]
[EventType "k.o."]
[EventRounds "3"]
[EventCountry "SUI"]
[SourceTitle "CBM 104"]
[Source "ChessBase"]
[SourceDate "2005.01.27"]
[SourceVersion "1"]
[SourceVersionDate "2005.01.27"]
[SourceQuality "1"]

1. e4 e5 2. Nf3 Nc6 3. Bb5 a6 4. Ba4 Nf6 5. O-O Be7 6. Re1 b5 7. Bb3 O-O 8. a4 b4 9. d4 d6 10. c3 Bg4 11. d5 Na5 12. cxb4 Nxb3 13. Qxb3 Rb8 14. Bd2 Nh5 15. h3 Bd7 16. Qc4 $146 ({RR} 16. Na3 f5 17. exf5 Bxf5 18. g4 Qd7 19. Nh2 Bh4 20. Re2 Bg6 21. gxh5 Bxh5 22. Re4 Bxf2+ 23. Kh1 Bf3+ 24. Qxf3 Rxf3 25. Nxf3 Qxh3+ 26. Nh2 Bg3 27. Re2 Rf8 28. Nc4 Bxh2 29. Rxh2 Qf3+ 30. Rg2 Qd3 {Royal,S (2456)-Forgacs,A (2219) chess.com INT 2022 1-0 (46)}) ({RR} 16. Na3 f5 17. exf5 Bxf5 18. g4 Qd7 19. Nh2 Bh4 20. Re2 Bg6 21. gxh5 Bxh5 22. Re4 Bxf2+ 23. Kh1 Bf3+ 24. Qxf3 Rxf3 25. Nxf3 Qxh3+ 26. Nh2 Bg3 27. Re2 Rf8 28. Nc4 Bxh2 29. Rxh2 Qf3+ 30. Rg2 Qd3 {Royal,S (2456)-Forgacs,A (2219) chess.com INT 2022 1-0 (46)}) 16... Kh8 17. Nc3 f5 18. exf5 Bxf5 19. Be3 Qe8 20. Kh2 Qg6 21. Nh4 Bxh4 22. Qxh4 Bd3 23. Rad1 Nf4 24. Qg3 Bc2 25. Rd2 Nd3 26. Qxg6 hxg6 27. Ree2 Nxb4 28. Rxc2 c6 29. Bc1 0-1

[Event "Gausdal Classic"]
[Site "Gausdal"]
[Date "2004.09.24"]
[Round "2"]
[White "Carlsen, Magnus"]
[Black "Lugovoi, Aleksei"]
[Result "0-1"]
[WhiteElo "2567"]
[BlackElo "2540"]
[Annotator "Gofshtein,Leonid D"]
[PlyCount "86"]
[EventDate "2004.09.23"]
[EventType "tourn"]
[EventRounds "9"]
[EventCountry "NOR"]
[EventCategory "10"]
[SourceTitle "CBM 104"]
[Source "ChessBase"]
[SourceDate "2005.01.27"]
[SourceVersion "1"]
[SourceVersionDate "2005.01.27"]
[SourceQuality "1"]

1. e4 {[%mdl 4]} c5 2. Nf3 d6 3. d4 cxd4 4. Nxd4 Nf6 5. Nc3 Nc6 6. Bg5 e6 7. Qd2 Be7 8. O-O-O O-O 9. f4 Nxd4 10. Qxd4 Qa5 11. Bc4 Bd7 12. Kb1 {a rare move, the usual move is 12.e5.} (12. e5 dxe5 13. fxe5 Bc6 {is the main line of this variation.}) 12... Bc6 {Black moves the bishop out of fire, bringing it to a better position.} (12... Rfd8 13. Bb3 b5 $2 (13... Bc6 {was much better and may lead with different move order to 12...c6 variation.}) 14. e5 $1 $36 {1-0 Nguyen Anh Dung-Aung Thant Zin/Bangkok 2004/CBM 102/[Gofshtein,L] (23) Now this is very strong.}) 13. Bb3 {The immideate 13.hf1 was also possible, which led to an unclear game in Tal-Larsen.} (13. Rhf1 h6 14. Bh4 Qh5 15. g3 g5 16. fxg5 hxg5 17. Rxf6 Bxf6 18. Qxf6 gxh4 19. gxh4 Kh7 $13 {0-1 Tal,M-Larsen,B/Eersel 1969/Candidates (41)}) 13... Rfd8 {[%cal Gd8d6] A useful move, black prepares a breakthrough in the centre, 13...ad8 was also played, for example:} (13... Rad8 14. Rhf1 h6 $5 15. Bh4 Qh5 $5 (15... Rd7 16. f5 e5 17. Qf2 Rc8 18. Bxf6 $16 {0-1 Nikitin,A-Averbakh,Y/Moscow 1964/MCD (67)}) 16. Bg3 d5 17. e5 Ne4 $132 {½-½ Sakharov,Y-Osnos,V/Riga 1968/MCD (46)}) (13... Rfe8 14. Rhf1 h6 15. Bh4 Nxe4 16. Nxe4 Bxh4 17. f5 d5 18. Nd6 Bf6 19. Qg4 $44 {1-0 Sakharov,Y-Kots,Y/Kiev 1965/EXT 2002 (22)}) 14. Rhe1 h6 $5 {A typical move, which is one of the steps towards the d6-d5 breakthrough.} 15. Bh4 Qh5 $5 {This way black forces white to remove the bishop, after which d6-d5 becomes possible.} 16. Bg3 d5 {[%cal Gd5e4]} 17. exd5 (17. e5 Ne4 $132) 17... Nxd5 18. Bxd5 $146 {A dubious move, handing the initiative to black. 18.d5 led to an equal game.} (18. Nxd5 $5 Bxd5 19. Re5 $1 Bf3 20. Rxh5 Bxh5 21. Qxd8+ Rxd8 22. Rxd8+ Bxd8 $11 {½-½ Kholmov,R-Glek,I/Moscow 1983/EXT 2002 (46)}) ({RR} 18. Nxd5 Bxd5 19. Re5 Bf3 20. Rxh5 Bxh5 21. Qxd8+ Rxd8 22. Rxd8+ Bxd8 23. Bf2 a6 24. c4 Bc7 25. Be3 g5 26. g3 gxf4 27. Bxf4 Bxf4 28. gxf4 Kg7 29. Kc2 Kf6 30. Kd3 Bg6+ 31. Ke3 b6 32. Bd1 a5 {Kholmov,R (2480)-Glek,I Moscow 1983 ½-½ (46)}) 18... Bf6 $1 {An important intermideate move after which black seizes the initiative. 18...Bd5 was worse of course.} (18... Bxd5 19. Re5 Qg4 20. Nxd5 Rxd5 21. Rxd5 exd5 22. Rd3 $14 {[%csl Gd5]}) 19. Qc5 Bxc3 $5 {Exchanging the strong knight black gets a better game.} 20. Qxc3 Bxd5 $17 {[%cal Rd5g2]} 21. Rc1 {It's not clear how to defend the g2 pawn.} (21. Qe5 Qg4 22. Rd4 Bxg2 $17) 21... Rac8 22. Qe3 Bxg2 {Black has an extra pawn and a more active position.} 23. Rg1 (23. Qxa7 Rd2 24. Qe3 Rcd8 $17) 23... Bd5 24. f5 {White tries to open lines for his pieces.} Qxf5 25. Bh4 Re8 26. Qxh6 Qh7 {Offering an exchange of queens and going for an endgame with an extra pawn.} 27. Qxh7+ {[%mdl 4096] White doesn't have a pleasent alternative. Also after 27.f6 black's advantage is doubtless.} (27. Qf6 Be4 28. Ka1 Bxc2) 27... Kxh7 28. Rce1 e5 {Black starts to push forward his passed pawn, activizing his pieces.} 29. Re3 Re6 {[%cal Re6h6]} 30. Reg3 g6 31. Re3 Rc4 $5 {[%cal Yc4h4] By axctivizing the rook black strengthens his pressure.} 32. Be1 f6 {Consolidating the position and protecting the e5 pawn.} 33. b3 Rf4 34. Rh3+ Kg7 35. Bd2 Rf3 {It is preferable for black to exchange one pair of rooks as in this case his pawns would move without any obstacles.} 36. Rh4 g5 37. Kc1 Re8 {With the idea to activize his king by Kg6. The rook from e8 controls the 8th rank.} 38. Rhg4 Rh3 $19 {[%cal Rh3h2]} 39. c4 Bc6 40. Bxg5 {A desperate sacrifice.} fxg5 41. Rxg5+ Kf6 42. Rg6+ Ke7 43. Rg7+ Kd8 0-1

[Event "Gausdal Classic"]
[Site "Gausdal"]
[Date "2004.09.26"]
[Round "4"]
[White "Carlsen, Magnus"]
[Black "Sammalvuo, Tapani"]
[Result "1/2-1/2"]
[WhiteElo "2567"]
[BlackElo "2445"]
[PlyCount "105"]
[EventDate "2004.09.23"]
[EventType "tourn"]
[EventRounds "9"]
[EventCountry "NOR"]
[EventCategory "10"]
[SourceTitle "CBM 104"]
[Source "ChessBase"]
[SourceDate "2005.01.27"]
[SourceVersion "1"]
[SourceVersionDate "2005.01.27"]
[SourceQuality "1"]

1. e4 c5 2. Nf3 d6 3. d4 cxd4 4. Nxd4 Nf6 5. Nc3 a6 6. Be3 e6 7. g4 e5 8. Nf5 g6 9. g5 gxf5 10. exf5 d5 11. gxf6 d4 12. Bc4 Qc7 13. Qd3 dxe3 14. O-O-O exf2 15. Bxf7+ Kxf7 16. Qd5+ Kxf6 17. Ne4+ Ke7 18. f6+ Ke8 19. f7+ Ke7 20. Qd2 Qb6 21. Qg5+ Kxf7 22. Rhf1 Bh6 23. Rxf2+ Ke8 24. Rd8+ Qxd8 25. Qxh6 Qe7 26. Nf6+ Kd8 27. Nd5 Qe6 28. Qg5+ Kd7 29. Qg7+ Kc6 30. Rf6 Kxd5 31. Rxe6 Kxe6 32. Qxh8 Nc6 33. h4 b5 $146 ({RR} 33... Ne7 34. h5 Nf5 35. Qxh7 Bd7 36. h6 Nxh6 37. Qxh6+ Ke7 38. Qh4+ Ke6 39. Qg4+ Kd6 40. Qb4+ Kc6 41. Qe4+ Kb6 42. Qe3+ Kc6 43. b4 Kd6 44. Qb6+ Bc6 45. a4 Kd7 46. b5 axb5 47. axb5 Bh1 48. c4 {Shabalov,A (2607)-Novikov,I (2592) Mashantucket 2005 1-0 (61)}) ({RR} 33... Rb8 34. Qg8+ Kd6 35. Qxh7 Be6 36. Qd3+ Ke7 37. h5 Rf8 38. h6 Bf5 39. Qb3 Rb8 40. Qg3 Rf8 41. h7 Bxh7 42. Qh4+ Ke6 43. Qxh7 Rf7 44. Qg6+ Rf6 45. Qg8+ Rf7 46. b4 Kf6 47. c3 Re7 48. a4 {Dijkhuis,T (2202)-Henseler,J (2073) Groningen 2013 1-0 (62)}) 34. Qg8+ Kd6 35. h5 Ne7 36. Qh8 Ra7 37. Qxh7 Bf5 38. Qh6+ Kd5 39. Qf6 Rc7 40. c3 b4 41. Qb6 Rc4 42. Qf6 Rc7 43. Kd2 bxc3+ 44. bxc3 a5 45. a4 Rd7 46. h6 Ke4+ 47. Kc1 Nd5 48. Qa6 Kf4 49. Qc6 Ne7 50. Qb6 Nd5 51. Qc6 Ne7 52. Qb6 Nd5 53. Qc6 1/2-1/2

[Event "Gausdal Classic"]
[Site "Gausdal"]
[Date "2004.09.28"]
[Round "6"]
[White "Carlsen, Magnus"]
[Black "Bromberger, Stefan"]
[Result "0-1"]
[WhiteElo "2567"]
[BlackElo "2440"]
[PlyCount "88"]
[EventDate "2004.09.23"]
[EventType "tourn"]
[EventRounds "9"]
[EventCountry "NOR"]
[EventCategory "10"]
[SourceTitle "CBM 104"]
[Source "ChessBase"]
[SourceDate "2005.01.27"]
[SourceVersion "1"]
[SourceVersionDate "2005.01.27"]
[SourceQuality "1"]

1. e4 c5 2. Nf3 d6 3. d4 Nf6 4. Nc3 cxd4 5. Nxd4 a6 6. Be3 e6 7. g4 e5 8. Nf5 g6 9. g5 gxf5 10. exf5 d5 11. Qf3 d4 12. O-O-O Nbd7 13. Bd2 Qa5 14. gxf6 dxc3 15. Bxc3 Bb4 16. Rd5 Qb6 $146 ({RR} 16... Bxc3 17. Rxa5 Bxa5 18. Qd5 Bd8 19. Bc4 Rf8 20. Rg1 Bxf6 21. Rg8 Rxg8 22. Qxf7+ Kd8 23. Qxg8+ Kc7 24. Be6 Rb8 25. Qxh7 b5 26. h4 Rb6 27. h5 Bg5+ 28. Kb1 Rd6 29. a3 Bb7 30. Qg6 Bf4 31. h6 {Dominguez Perez,L (2594)-Nielsen,P (2642) Linares 2002 1-0 (51)}) 17. Bxe5 Nxe5 18. Rxe5+ Kd8 19. Bg2 Kc7 20. Rd1 Bd7 21. Qf4 Bd6 22. Qc4+ Kb8 23. Re7 Rc8 24. Qxf7 Qc7 25. Rd2 Bf4 26. Qb3 Bxd2+ 27. Kxd2 Qf4+ 28. Kd1 Rc7 29. Qg3 Qxf5 30. Be4 Qg4+ 31. f3 Qxg3 32. hxg3 Ka7 33. g4 Kb6 34. g5 Bc6 35. Rxc7 Kxc7 36. Bxh7 Bxf3+ 37. Kd2 Re8 38. g6 Bd5 39. f7 Rd8 40. Ke3 Kd6 41. Kf4 Ke7 42. Ke5 Bxa2 43. Bg8 Rxg8 44. fxg8=Q Bxg8 0-1